000 00519nam a2200181Ia 4500
008 090630s9999 xx 000 0 und d
082 _b6092
100 _aवगळ अरुण दा.
245 _aनियती.
_cवगळ अरुण दा.
260 _bसुरस.
_c1981
300 _a118
600 _aवगळ अरुण दा.
630 _aनियती.
655 _aकादंबरी.
700 _aवगळ अरुण दा.
730 _aनियती.
942 _cBOOK
999 _c257948
_d257948